000 01037nam a2200277 a 4500
001 BRL_1523
005 20190320211239.0
008 140214s1981----u--aob####---#000-0#eng-#
041 _aeng
044 _au
050 4 _aF1221.T25
_b.K46 1981
100 1 _aKennedy, John G.
_927162
245 1 0 _aSemana Santa in the Sierra Tarahumara
_ba comparative study in three Communities
_cby John G. Kennedy and Raúl A. López.
260 _aUnited States of America
_bUniversidad of California
_c1981
300 _a77 p.
_bil., fotografías, mapas
_c25 cm.
440 0 _aOccasional papers of the Museum of Cultural History. University of California, Los Angeles
_v4
_927163
500 _aAu1728
504 _aBibliografía: p. [78]
650 1 4 _aTarahumaras
_xRitos y ceremonias
_926643
650 1 4 _aTarahumaras
_xReligión
_927164
650 1 4 _aIndígenas de México
_xRitos y ceremonias
_92458
650 1 4 _aIndígenas de México
_xReligión
_95291
700 1 _aLópez, Raúl A.
_f1937-
_ecoaut.
_927165
902 _aGRL
942 _2lcc
_cB
999 _c10332
_d10332